000 00645nam a2200289Ia 4500
005 20260324145327.0
008 008 260324s9999 xx 000 0 eng d
020 _a9781003133230
037 _aEBOOK
040 _aCRL
040 _beng
040 _cCRL
041 _2eng
041 _aeng
084 _qCRL
100 _aAlan Bold
_91222572
245 0 _aMacDiarmid
245 4 _bThe Terrible Crystal
260 _bTaylor and Francis
260 _c1983
365 _a
365 _b170
856 _uhttp://www.taylorfrancis.com/books/9781003133230
942 _cEBOOK
999 _c1830318
_d1830318